DERECHO PENITENCIARIO (Registro nro. 31494)
[ vista simple ]
| 000 -LEADER | |
|---|---|
| fixed length control field | 00931nam a2200181 a 4500 |
| 001 - CONTROL NUMBER | |
| control field | 31494 |
| 005 - DATE AND TIME OF LATEST TRANSACTION | |
| control field | 20180713234921.0 |
| 008 - FIXED-LENGTH DATA ELEMENTS--GENERAL INFORMATION | |
| fixed length control field | 140415s2008 mx 000 0 spa d |
| 020 ## - INTERNATIONAL STANDARD BOOK NUMBER | |
| International Standard Book Number | 9786074260007 |
| 041 ## - LANGUAGE CODE | |
| Language code of text/sound track or separate title | spa |
| 082 ## - DEWEY DECIMAL CLASSIFICATION NUMBER | |
| Classification number | 344.035 |
| Item number | MEN |
| 100 1# - MAIN ENTRY--PERSONAL NAME | |
| Personal name | MENDEZ PAZ, LENIN |
| 245 10 - TITLE STATEMENT | |
| Title | DERECHO PENITENCIARIO |
| 250 ## - EDITION STATEMENT | |
| Edition statement | 1RA |
| 260 ## - PUBLICATION, DISTRIBUTION, ETC. | |
| Place of publication, distribution, etc. | MEXICO : |
| Name of publisher, distributor, etc. | OXFORD, |
| Date of publication, distribution, etc. | 2008 |
| 300 ## - PHYSICAL DESCRIPTION | |
| Extent | 317 |
| Dimensions | 18 x 3 x 24 |
| 520 ## - SUMMARY, ETC. | |
| Summary, etc. | EL AUTOR HACE UNA RIGUROSA REVISIÓN CONCEPTUAL EN LA UNIDAD I, ANALIZA LOS SIGNIFICADOS DE DERECHO PENITENCIARIO, PENITENCIARIO, PENITENCIARISMO, PENITENCIARISTA, DERECHO EJECUTIVO PENAL, PENOLOGÍA, POLITICA, CRIINOLOGIA, Y EXPLICA LA RELACIÓN QUE TIENEN CON OTRA CIENCIAS. EL AUTOR PROPONE ENTENDER, LA PRISICÓN COMO PENA Y ESTABLECIMIENTO, DE MANERA REAL, HUMANA PARA LO CUAL DEBEN CREARSE ALTERNATIVAS CON EL FIN DE DAR UNA OPORTUNIDAD DE VIDA AL SUJETO QUE, POR MULTIPLES CIRCUNSTANCIAS |
| Withdrawn status | Lost status | Source of classification or shelving scheme | Damaged status | Not for loan | Collection code | Home library | Current library | Shelving location | Date acquired | Source of acquisition | Total Checkouts | Full call number | Barcode | Date last seen | Date last checked out | Price effective from | Koha item type |
|---|---|---|---|---|---|---|---|---|---|---|---|---|---|---|---|---|---|
| Dewey Decimal Classification | General | Tehuacán | Tehuacán | Sala general | 03/12/2013 | Compra | 1 | 344.035 MEN | 506368 | 24/08/2019 | 30/11/2016 | 03/12/2013 | Libro | ||||
| Dewey Decimal Classification | General | Tehuacán | Tehuacán | Sala general | 03/12/2013 | Compra | 344.035 MEN | 506266 | 03/12/2013 | Libro |